• 首页
  • 本馆介绍
  • 公告通知
  • 最新文献
  • 馆藏检索
  • 电子资源
  • 读者导购
  • 参考咨询
  • 我的图书馆
  • 登录
  • 详细信息显示
  • 放入我的书架
  • 预约/预借图书
  • 作者相关作品
  • 分类相关作品
  • 丛书相关作品
  • 出版社相关作品

书目信息

  • 表格格式
  • 工作单格式
  • 卡片格式
题名:
全新冠心病防治指南
    
 
作者: 吴兴利 , 杨丁友 主编
分册:  
出版信息: 北京   军事医学科学出版社  2004
页数: 22,384页
开本: 20cm
丛书名:
单 册:
中图分类: R541.4
科图分类:
主题词: 冠心病--防治
电子资源:
ISBN: 7-80121-551-6
000 00771nam0 2200229 45
001 002615348
005 20050329112743.0
010    @a7-80121-551-6@dCNY19.00
100    @a20040326d2004 em y0chiy0110 ea
101 0  @achi
102    @aCN@b110000
105    @ay z 000yy
200 1  @a全新冠心病防治指南@Aquan xin guan xin bing fang zhi zhi nan@f吴兴利,杨丁友主编@FWu Xing Li,Yang Ding You Zhu Bian
210    @a北京@c军事医学科学出版社@d2004
215    @a22,384页@d20cm
330    @a本书对冠心病基础知识、病因和诱因、早期诊断、一二级预防、药物治疗、家庭护理及中医中药防治进展等进行全面介绍。
606 0  @a冠心病@x防治
690    @aR541.4@v4
701  0 @a吴兴利@4主编
701  0 @a杨丁友@4主编
801  0 @aCN@bNLC@c20040525
905    @f5@b346524-528@dR541.4@e61
    
    全新冠心病防治指南/吴兴利,杨丁友主编.-北京:军事医学科学出版社,2004
    22,384页;20cm
    
    
    ISBN 7-80121-551-6:CNY19.00
    本书对冠心病基础知识、病因和诱因、早期诊断、一二级预防、药物治疗、家庭护理及中医中药防治进展等进行全面介绍。
●
相关链接 在E读中查询图书 在五车中查询图书 在当当中查询图书 在豆瓣中查询图书


正题名:全新冠心病防治指南     索取号:R541.4/61         预约/预借

序号 登录号 条形码 馆藏地/架位号 状态 备注
1 0346524   203465240   第二样本阅览室/ [索取号:R541.4/61] 在馆    
2 0346525   203465259   教育系资料室/ [索取号:R541.4/61] 在馆    
3 0346526   203465268   第三借阅区/ [索取号:R541.4/61] 在馆    
4 0346527   203465277   第三借阅区/ [索取号:R541.4/61] 在馆    
5 0346528   203465286   教育系资料室/ [索取号:R541.4/61] 在馆    
唐山师范学院图书馆 欢迎您!
大连网信软件有限公司© 版权所有